MARC details
| 000 -LEADER |
| fixed length control field |
02751nam a2200457 a 4500 |
| 001 - CONTROL NUMBER |
| control field |
vtls003193821 |
| 003 - CONTROL NUMBER IDENTIFIER |
| control field |
MY-SjTCS |
| 005 - DATE AND TIME OF LATEST TRANSACTION |
| control field |
20200306171153.0 |
| 006 - FIXED-LENGTH DATA ELEMENTS--ADDITIONAL MATERIAL CHARACTERISTICS |
| fixed length control field |
m u |
| 007 - PHYSICAL DESCRIPTION FIXED FIELD--GENERAL INFORMATION |
| fixed length control field |
cr cn||||||||| |
| 008 - FIXED-LENGTH DATA ELEMENTS--GENERAL INFORMATION |
| fixed length control field |
100712s2004 quc sb 001 0 eng d |
| 010 ## - LIBRARY OF CONGRESS CONTROL NUMBER |
| Canceled/invalid LC control number |
2006-372839 |
| 015 ## - NATIONAL BIBLIOGRAPHY NUMBER |
| National bibliography number |
GBA556086 |
| Source |
bnb |
| 016 ## - NATIONAL BIBLIOGRAPHIC AGENCY CONTROL NUMBER |
| Canceled/invalid control number |
20049026801 |
| 016 7# - NATIONAL BIBLIOGRAPHIC AGENCY CONTROL NUMBER |
| Canceled/invalid control number |
013199050 |
| Source |
Uk |
| 020 ## - INTERNATIONAL STANDARD BOOK NUMBER |
| Canceled/invalid ISBN |
0773527885 (cloth) |
| 020 ## - INTERNATIONAL STANDARD BOOK NUMBER |
| Canceled/invalid ISBN |
0773527893 (pbk.) |
| 035 ## - SYSTEM CONTROL NUMBER |
| System control number |
(CaPaEBR)ebr10178403 |
| 039 #9 - LEVEL OF BIBLIOGRAPHIC CONTROL AND CODING DETAIL [OBSOLETE] |
| -- |
201007121644 |
| -- |
VLOAD |
| 040 ## - CATALOGING SOURCE |
| Original cataloging agency |
CaPaEBR |
| Transcribing agency |
CaPaEBR |
| 050 14 - LIBRARY OF CONGRESS CALL NUMBER |
| Classification number |
PR9185.6.I5 |
| Item number |
G76 2004eb |
| 082 04 - DEWEY DECIMAL CLASSIFICATION NUMBER |
| Classification number |
810.9/8971 |
| Edition number |
22 |
| 100 1# - MAIN ENTRY--PERSONAL NAME |
| Personal name |
Groening, Laura Smyth, |
| Dates associated with a name |
1949- |
| 9 (RLIN) |
298611 |
| 245 10 - TITLE STATEMENT |
| Title |
Listening to Old Woman speak |
| Medium |
[electronic resource] : |
| Remainder of title |
natives and alternatives in Canadian literature / |
| Statement of responsibility, etc. |
Laura Smyth Groening. |
| 260 ## - PUBLICATION, DISTRIBUTION, ETC. |
| Place of publication, distribution, etc. |
Montreal : |
| Name of publisher, distributor, etc. |
McGill-Queen's University Press, |
| Date of publication, distribution, etc. |
c2004. |
| 300 ## - PHYSICAL DESCRIPTION |
| Extent |
xvi, 183 p. ; |
| Dimensions |
24 cm. |
| 490 1# - SERIES STATEMENT |
| Series statement |
McGill-Queen's native and northern series ; |
| Volume/sequential designation |
44 |
| 504 ## - BIBLIOGRAPHY, ETC. NOTE |
| Bibliography, etc. note |
Includes bibliographical references (p. [167]-179 ) and index. |
| 505 0# - FORMATTED CONTENTS NOTE |
| Formatted contents note |
Introduction : writing "Indians" and the Manichean allegory -- Representation and identification : gender and genre in the first Canadian novel(s) -- "A curiosity ... natural and feminine" : race, class, and gender in the colonial writings of Anna Jameson and Susanna Moodie -- "Poor creatures, once so benighted" : imagining race in early colonial narratives -- Inhabiting a Manicheal world view : colonialism, ideology, and discourse -- Administering/ministering to the Indians : Duncan Campbell Scott and the politics of church and state -- The temptations of Rudy Wiebe : history and postmodern Indians -- "Contamination as literary strategy" : a postcolonial ideal -- "Children of two peoples" : hybrid texts, hybrid people? -- The healing aesthetic of Basil H. Johnston -- Conclusion : finding an appropriate(d) voice. |
| 529 ## - |
| -- |
TSLHHL |
| 533 ## - REPRODUCTION NOTE |
| Type of reproduction |
Electronic reproduction. |
| Place of reproduction |
Palo Alto, Calif. : |
| Agency responsible for reproduction |
ebrary, |
| Date of reproduction |
2009. |
| Note about reproduction |
Available via World Wide Web. |
| -- |
Access may be limited to ebrary affiliated libraries. |
| 650 #0 - SUBJECT ADDED ENTRY--TOPICAL TERM |
| Topical term or geographic name entry element |
Indians in literature. |
| 9 (RLIN) |
298612 |
| 650 #0 - SUBJECT ADDED ENTRY--TOPICAL TERM |
| Topical term or geographic name entry element |
Canadian literature |
| Chronological subdivision |
19th century |
| General subdivision |
History and criticism. |
| 9 (RLIN) |
298613 |
| 650 #0 - SUBJECT ADDED ENTRY--TOPICAL TERM |
| Topical term or geographic name entry element |
Canadian literature |
| Chronological subdivision |
20th century |
| General subdivision |
History and criticism. |
| 9 (RLIN) |
298614 |
| 650 #0 - SUBJECT ADDED ENTRY--TOPICAL TERM |
| Topical term or geographic name entry element |
Indians of North America |
| General subdivision |
Ethnic identity. |
| 9 (RLIN) |
298615 |
| 650 #0 - SUBJECT ADDED ENTRY--TOPICAL TERM |
| Topical term or geographic name entry element |
Race in literature. |
| 9 (RLIN) |
298616 |
| 655 #7 - INDEX TERM--GENRE/FORM |
| Genre/form data or focus term |
Electronic books. |
| Source of term |
local |
| 9 (RLIN) |
201578 |
| 710 2# - ADDED ENTRY--CORPORATE NAME |
| Corporate name or jurisdiction name as entry element |
ebrary, Inc. |
| 9 (RLIN) |
25628 |
| 830 #0 - SERIES ADDED ENTRY--UNIFORM TITLE |
| Uniform title |
McGill-Queen's native and northern series ; |
| Volume/sequential designation |
44. |
| 9 (RLIN) |
298617 |
| 856 40 - ELECTRONIC LOCATION AND ACCESS |
| Uniform Resource Identifier |
https://ezproxy.taylors.edu.my/login?url=http://site.ebrary.com/lib/taylorscollege/Doc?id=10178403 |
| Public note |
An electronic book accessible through the World Wide Web; click to view |